000 00934cam a2200241 4500
001 WB3808-23
008 020228n2002 000 0 eng u
035 _a(Sirsi) u116901
245 2 _aA note of confusion
260 _c2002
490 _aEstates Gazette
_v(0208) 23 February 2002, 159(1)
520 _aFirst of a series of articles looking at the confusion over the law onthe validity of statutory notices. Examines the application of the "Mannai" reasonable recipient test said to apply to statutory notices and how the Court of Appeal is moving towards a test which limits this to evident errors.
590 _aWB
650 _aMANNAI INVESTMENT CO LTD V EAGLE STAR LIFE ASSURANCE CO LTD UK
650 _aSTATUTORY NOTICES
650 _aREASONABLE RECIPIENT TEST
650 _aCOURT OF APPEAL
650 _aYORK V CASEY
650 _aCLICKEXX V MCCANN
650 _aMANEL V MEMON
690 _aLAW
942 _n0
999 _c69637
_d69637